000 00417nam a2200133Ia 4500
008 160209s9999 xx 000 0 und d
100 _aLoughnan, A.
245 _aManifest madness: mental incapacity in the criminal law /
245 _cA. Loughnan.
260 _bOxford University Press.
260 _c2012
650 _xMedical ethics.
856 _uhttp://www.oapen.org/search?identifier=453474;keyword=psychology
999 _c290493
_d290493